| 000 | 00747nam a22002417a 4500 | ||
|---|---|---|---|
| 005 | 20170124110204.0 | ||
| 010 | _aA-939285 | ||
| 020 |
_c250.00 _a8120313208 |
||
| 035 | _aA-939285 | ||
| 037 | _bCen Lib/Ret | ||
| 040 |
_aDPL _bEN |
||
| 082 |
_a006 _bVIL |
||
| 100 |
_aVillami, John _936951 |
||
| 245 |
_aMultimedia : _cby John Villamil [and] Louis Molina _ban introduction / |
||
| 260 |
_aNew Delhi _bPrentice hall of India _c1998 |
||
| 270 |
_bNew Delhi _aM-97, Connaught circus _e110001 |
||
| 300 |
_axii,194p. _c25cm(Hb) |
||
| 500 | _aIncludes glossary and index | ||
| 650 |
_aComputer science _972832 |
||
| 650 |
_aMultimedia technology _972833 |
||
| 700 |
_aMolina, Louis _936954 |
||
| 942 |
_2ddc _cEN _h006 _mVIL |
||
| 999 |
_c133141 _d133141 |
||